Micreconomía (Registro nro. 1427)
[ vista simple ]
| 000 -LEADER | |
|---|---|
| fixed length control field | 02019 a2200241 4500 |
| 001 - CONTROL NUMBER | |
| control field | 26010 |
| 005 - DATE AND TIME OF LATEST TRANSACTION | |
| control field | 20260407155542.0 |
| 008 - FIXED-LENGTH DATA ELEMENTS--GENERAL INFORMATION | |
| fixed length control field | 260407a1996 arg spa d |
| 003 - CONTROL NUMBER IDENTIFIER | |
| control field | AR-UNSa-BCEJYS |
| 040 ## - CATALOGING SOURCE | |
| Original cataloging agency | AR-UNSa-BCEJYS |
| Language of cataloging | spa |
| Transcribing agency | AR-UNSa-BCEJYS |
| 080 ## - UNIVERSAL DECIMAL CLASSIFICATION NUMBER | |
| Universal Decimal Classification number | 330.101.542 |
| Common auxiliary subdivision | Microeconomía |
| 041 ## - LANGUAGE CODE | |
| Language code of text/sound track or separate title | spa |
| 100 1# - MAIN ENTRY--PERSONAL NAME | |
| Personal name | Mansfield, Edwin |
| 245 10 - TITLE STATEMENT | |
| Title | Micreconomía |
| Name of part/section of a work | teoría y aplicaciones |
| 250 ## - EDITION STATEMENT | |
| Edition statement | 4a. ed |
| 264 #1 - PRODUCTION, PUBLICATION, DISTRIBUTION, MANUFACTURE, AND COPYRIGHT NOTICE | |
| Place of production, publication, distribution, manufacture | Buenos Aires : |
| Name of producer, publisher, distributor, manufacturer | Tesis |
| Date of production, publication, distribution, manufacture, or copyright notice | 1996 |
| 300 ## - PHYSICAL DESCRIPTION | |
| Extent | 637 p. |
| Dimensions | 23 cm. |
| 505 ## - FORMATTED CONTENTS NOTE | |
| Formatted contents note | Parte I : Introducción : 1. La naturaleza de la micreconomía - 2. Demanda y oferta - Parte II : El comportamiento del consumidor y la demanda del mercado : 3. Los gastos y preferencias del consumidor - 4. EL Comportamiento del consumidor y la demanda individual - 5. Demanda de mercado - Parte III : La empresa : su tecnología y sus costos : 6. La empresa y su tecnología - 7. Las combinaciones óptimas de los insumos y las funciones de costo - Parte IV: Estructura de mercado, precio y producción : 8. Precio y producción bajo competencia perfecta - 9. Precio y producto bajo monopolio puro - 10. Precio y producto bajo competencia monopolística - 11. Precio y producto bajo oligopolio - Parte V : Mercado de insumo : 12. Precio y empleo de insumos bajo competencia perfecta - 13. Precio y empleo de los insumos bajo competencia imperfecta - Parte VI : Equilibrio general, economía del bienestar y economía política : 14. Análisis del equilibrio general y de la asigación de los recursos - 15. Economía del Bienestar - 16. Bienes públicos, exterioridades y el rol del gobierno - Parte VII : Elecciones intertemporales y decisiones que extrañan riesgo : 17. Las elecciones intertemporales y el cambio teconológico - 18. La toma de decisiones y las elecciones que involucran riesgo. |
| 590 ## - LOCAL NOTE (RLIN) | |
| Local note | niveau_biblio:m niveau_hierar:0 |
| 700 1# - ADDED ENTRY--PERSONAL NAME | |
| Personal name | Escude, Guillermo |
| 856 41 - ELECTRONIC LOCATION AND ACCESS | |
| Uniform Resource Identifier | <a href="https://biblioeco.unsa.edu.ar/pmb/images/libros/Micro Economia-l70073.jpg">https://biblioeco.unsa.edu.ar/pmb/images/libros/Micro Economia-l70073.jpg</a> |
| Link text | Imagen de portada |
| Electronic format type | image/jpeg |
| 942 ## - ADDED ENTRY ELEMENTS (KOHA) | |
| Koha item type | |
| Withdrawn status | Lost status | Damaged status | Not for loan | Home library | Current library | Shelving location | Date acquired | Total checkouts | Full call number | Barcode | Date last seen | Price effective from | Koha item type |
|---|---|---|---|---|---|---|---|---|---|---|---|---|---|
| Biblioteca Prof. Eusebio Cleto del Rey | Biblioteca Prof. Eusebio Cleto del Rey | 07/04/2026 | 330.101.542 M287 4ed. | L70073 | 07/04/2026 | 07/04/2026 | Libro |